| 000 | 01017nam a22002537a 4500 | ||
|---|---|---|---|
| 999 |
_c7911 _d7911 |
||
| 001 | 7911 | ||
| 003 | BD-JhCC | ||
| 005 | 20180217112318.0 | ||
| 008 | 171016s1995 bg |||| ||a| 000 0 ben d | ||
| 020 | _a984465016X | ||
| 035 | _a(BD-JhCC)7911 | ||
| 040 |
_aBD-JhCC _dBD-JhCC |
||
| 041 | _aben | ||
| 082 |
_a954.9205 _bSON 1995 |
||
| 100 | _aশনবার্গ, সিডনি | ||
| 245 |
_aডেটলাইন বাংলাদেশ : _bনাইন্টিন সেভেন্টিওয়ান বাংলাদেশ মুক্তিযুদ্ধকালীন রিপোর্টাজ সংকলন / _cসিডনি শনবার্গ; মফিদুল হক (অনুবাদ) |
||
| 260 |
_aঢাকা : _bসাহিত্য প্রকাশ, _c1995. |
||
| 300 |
_a150 p. : _c21 cm. |
||
| 650 |
_aHistory _y1971 _zBangladesh |
||
| 650 |
_aPress Media _vLiberation War |
||
| 700 | _aহক, মফিদুল | ||
| 942 |
_2ddc _cBK |
||